Statistics for Shepherds in the Bible

Click here to take the quiz!

General Stats

  • This quiz has been taken 306 times
  • The average score is 11 of 26

Answer Stats

Answer% Correct
David
97%
Abraham
71%
Jacob
71%
Joseph
69%
Abel
62%
Isaac
62%
Jesus
62%
Moses
62%
Benjamin
51%
Dan
51%
Levi
48%
Reuben
45%
Judah
44%
Lot
40%
Simeon
40%
Gad
39%
Asher
31%
Naphtali
31%
Amos
26%
Issachar
25%
Laban
23%
Zebulun
23%
Rachel
13%
Bethlehem Shepherds
1%
Doeg
1%
Mesha (King of Moab)
1%

Score Distribution

Percentile by Number Answered

Percent of People with Each Score

Your Score History

You have not taken this quiz